| 000 | 02422cam a2200661 a 4500 | ||
|---|---|---|---|
| 001 | 48638 | ||
| 005 | 20230410120951.0 | ||
| 008 | 960618s1996 enk b 001 0 eng | ||
| 010 | _a 96028275 | ||
| 035 | _a(OCoLC)ocm35001847 | ||
| 040 |
_aDLC _cDLC _dUKM _dUBA _dOCLCQ _dBAKER _dNLGGC _dYDXCP _dBTCTA _dLVB |
||
| 015 | _aGB96-80677 | ||
| 019 | _a35831947 | ||
| 020 | _a0521482437 (hard) | ||
| 020 | _a9780521482431 (hard) | ||
| 020 | _a0521484006 (pbk.) | ||
| 020 | _a9780521484008 (pbk.) | ||
| 029 | 1 |
_aUKM _bb9680677 |
|
| 029 | 1 |
_aNLGGC _b155309625 |
|
| 029 | 1 |
_aYDXCP _b467337 |
|
| 029 | 1 |
_aYDXCP _b467439 |
|
| 029 | 1 |
_aNZ1 _b4711530 |
|
| 035 |
_a(OCoLC)35001847 _z(OCoLC)35831947 |
||
| 041 | 1 |
_aeng _hgrc |
|
| 050 | 1 | 4 |
_aJC 71 _bA717p 1996 |
| 082 | 0 | 0 |
_a320/.01/1 _220 |
| 084 |
_a18.43 _2bcl |
||
| 100 | 0 | _aAristotle. | |
| 240 | 1 | 0 |
_aPolitics. _lEnglish |
| 245 | 1 | 4 |
_aThe Politics, and the Constitution of Athens / _cAristotle ; edited by Stephen Everson. |
| 250 | _aRev. student ed. | ||
| 260 |
_aCambridge ; _aNew York : _bCambridge University Press, _cc1996. |
||
| 300 |
_axlvi, 279 p. ; _c23 cm. |
||
| 440 | 0 | _aCambridge texts in the history of political thought | |
| 500 | _aRev. ed. of: Aristotle, the Politics. 1988. | ||
| 504 | _aIncludes bibliographical references (p. xl-xlvi) and indexes. | ||
| 650 | 0 |
_aPolitical science _vEarly works to 1800. |
|
| 650 | 7 |
_aAristoteles. _2larpcal |
|
| 650 | 7 |
_aFilosofia antiga. _2larpcal |
|
| 650 | 7 |
_aCiencia politica. _2larpcal |
|
| 653 | 0 |
_aPolitics _aPhilosophy. |
|
| 650 | 1 | 7 |
_aEthica Nicomachea (Aristoteles) _2gtt |
| 650 | 1 | 7 |
_aPolitica (Aristoteles) _2gtt |
| 650 | 1 | 7 |
_aPolitieke filosofie. _2gtt |
| 650 | 6 |
_aScience politique _vOuvrages avant 1800. |
|
| 651 | 6 |
_aAthénes (Gréce) _xPolitique et gouvernement. |
|
| 651 | 6 |
_aAthénes (Gréce) _xHistoire constitutionnelle. |
|
| 700 | 1 | _aEverson, Stephen. | |
| 856 | 4 | 2 |
_3Publisher description _uhttp://www.loc.gov/catdir/description/cam027/96028275.html |
| 856 | 4 | 1 |
_3Table of contents _uhttp://www.loc.gov/catdir/toc/cam022/96028275.html |
| 938 |
_aBaker & Taylor _bBKTY _c30.00 _d30.00 _i0521482437 _n0002844622 _sactive |
||
| 938 |
_aBaker & Taylor _bBKTY _c12.99 _d12.99 _i0521484006 _n0002844623 _sactive |
||
| 938 |
_aYBP Library Services _bYANK _n467439 |
||
| 938 |
_aBaker and Taylor _bBTCP _n96028275 |
||
| 942 |
_2lcc _cbk |
||
| 946 | _ajoacosta | ||
| 994 |
_aC0 _bDRFGD |
||
| 999 |
_c55327 _d55327 |
||